De Vlaamse Leeuw - Statistieken

Algemene statistieken
  • Deze quiz is 72 keer genomen
  • De gemiddelde score is 65 van 107
Antwoordstatistieken
Tekst % Correct
Leeuw
100%
de
95%
De
95%
Vlaamse
89%
klauwen
87%
zolang
84%
Zolang
84%
fiere
79%
kan
79%
niet
79%
te
79%
temmen
79%
hem
76%
zullen
76%
leeft
74%
Zij
74%
zij
74%
Vlaming
71%
hij
68%
een
66%
heeft
66%
tanden
50%
en
45%
zijn
42%
is
39%
met
34%
Wij
34%
Al
32%
zal
29%
kluisters
26%
geschreeuw
24%
steden
24%
dreigen
18%
geen
18%
vrijheid
18%
van
16%
daar
13%
nooit
13%
velde
13%
blijven
11%
legerbenden
11%
staan
11%
tijd
11%
volk
11%
doodsgevaar
8%
lachen
8%
omringd
8%
sneven
8%
trekt
8%
tronen
8%
vergaan
8%
vijand
8%
woede
8%
verslindt
5%
Geen overeenkomende quizzen gevonden
Scoreverdeling
Procent van Mensen met Elke Score
Percentiel versus Aantal Correcte Antwoorden
Uw Scoregeschiedenis
U heeft deze quiz nog niet genomen